000 00770nas a2200253 4500
001 BR0904464
003 BR-BrBNA
005 20231205113325.0
007 ta
008 230509b bl.|||p| |||| 00| 00por d
040 _aBR-BrBNA
_bpor
_cBiblioteca Nacional de Agricultura
041 _a(Pt)
072 _aH10
100 1 _aMiranda, L.L.D.
100 1 _aMorelli, J.L.
100 1 _aLandell, M.G. de A.
100 1 _aSilva, M. de A.
245 1 _aComportamento de genótipos de cana-de-açucar em relação a Pratylenchus zeae.
650 _aCANA DE AÇUCAR
650 _aPRAGA DE PLANTA
773 0 _tNematologia Brasileira (Brazil)
_xISSN 0102-2997
_g(1996), v. 20(2) p. 52-58
_wBR0904464
909 _a202311
_bLúcia
_c55
_dLúcia Elande
942 _2AGRIS
_n0
_cANA
999 _c203137
_d203137